[Event "AUTO-MASTER-3253"]
[Site "http://www.queenalice.com/game.php?id=1852335"]
[Date "2025.2.16"]
[Round "1"]
[White "Scharlatan"]
[Black "princesher"]
[Result "0-1"]
[WhiteElo "2121"]
[BlackElo "1948"]

1. d4 d5 2. c4 h6 3. Nc3 e6 4. Bf4 dxc4 5. e4 Bb4 6. Bxc4 Bxc3+ 7. bxc3 a6 8.
Nf3 Nd7 9. O-O b5 10. Bb3 Ne7 11. Ne5 Nxe5 12. Bxe5 O-O 13. d5 f6 14. Bg3 exd5
15. exd5 Kh8 16. d6 cxd6 17. Qd3 d5 18. Rad1 Bb7 19. Bc2 g6 20. h4 h5 21. Qe3
Kg7 22. Rfe1 Rf7 23. Qb6 Qxb6 0-1

[Event "AUTO-MASTER-3253"]
[Site "http://www.queenalice.com/game.php?id=1852336"]
[Date "2025.2.16"]
[Round "1"]
[White "princesher"]
[Black "Scharlatan"]
[Result "1-0"]
[WhiteElo "2004"]
[BlackElo "2089"]

1. e4 e5 2. a3 Nf6 3. d3 d5 4. Bg5 dxe4 5. Bxf6 Qxf6 6. dxe4 Bc5 7. Qf3 Nc6 8.
Qxf6 gxf6 9. Bb5 Bd7 10. Bxc6 Bxc6 11. Nd2 Rg8 12. g3 O-O-O 13. Ne2 f5 14. b4
Bb6 15. Rf1 Rd7 16. exf5 Rgd8 17. Nc4 Bb5 18. Nxe5 Re7 19. f4 f6 20. c4 fxe5 21.
cxb5 exf4 22. gxf4 Rf8 23. f6 Rxf6 24. Rf3 Rf5 25. a4 Re4 26. Rb1 c6 27. bxc6
bxc6 28. Kf1 Bc7 29. Ng3 Rexf4 30. Rxf4 Rxf4+ 31. Kg2 Rc4 32. a5 a6 33. Nf1 Bd6
34. Ne3 Rxb4 35. Ra1 Rb2+ 36. Kf3 Rxh2 37. Ra4 Rh3+ 38. Ke2 Kd7 39. Nf5 h5 40.
Rd4 Ke6 41. Nxd6 Ke5 42. Rd1 Rh2+ 43. Kf3 Ra2 44. Nc4+ Kf5 45. Kg3 Kg5 46. Rd6
Rc2 47. Rxc6 Rc3+ 48. Kh2 Kh4 49. Ne5 Rc2+ 50. Rxc2 1-0

[Event "AUTO-MASTER-3254"]
[Site "http://www.queenalice.com/game.php?id=1852612"]
[Date "2025.2.22"]
[Round "1"]
[White "princesher"]
[Black "Kapablanca"]
[Result "1-0"]
[WhiteElo "2011"]
[BlackElo "1737"]

1. e4 e6 2. a3 d5 3. e5 c5 4. d3 Nc6 5. f4 Qb6 6. c3 Nge7 7. b4 cxb4 8. axb4 a5
9. bxa5 Rxa5 10. Rxa5 Qxa5 11. Ba3 Ng6 12. Bxf8 Nxf8 13. d4 Nd7 14. Qc2 O-O 15.
Bd3 g6 16. Nf3 Rd8 17. O-O Nf8 18. h4 b6 19. g4 Ba6 20. Bxa6 Qxa6 21. h5 Rc8 22.
h6 Na5 23. Nbd2 Rc7 24. g5 Qc8 25. Rc1 Nd7 26. Kg2 Nc4 27. Nxc4 Rxc4 28. Kg3 b5
29. Qb3 Qc6 30. Rc2 Nb6 31. Nd2 Ra4 32. Ra2 Rxa2 33. Qxa2 Qxc3+ 34. Nf3 Na4 35.
Qe2 Qc4 36. Qe3 b4 37. Nd2 Qc3 38. Kf2 Kf8 39. Qxc3 Nxc3 40. Ke3 Ke7 41. Nb3 Kd7
42. Kd3 Kc6 43. Nc5 Kb5 44. Kc2 Kc4 45. Nb3 Nb5 46. Na5+ Kxd4 47. Kb3 Ke4 48.
Kxb4 Nd4 49. Nb7 Ne2 50. Nd6+ Kxf4 51. Nxf7 Ng1 52. Kc5 Nf3 53. Kd6 d4 54. Nd8
Nxg5 55. Nxe6+ Nxe6 56. Kxe6 d3 57. Kf6 d2 58. e6 d1=Q 59. e7 Qd7 60. Kf7 Qxe7+
61. Kxe7 Kg5 62. Ke6 Kxh6 63. Kf6 Kh5 64. Ke5 Kg4 65. Ke4 h5 66. Ke3 Kg3 67. Ke2
Kg2 68. Ke1 h4 69. Ke2 h3 70. Ke3 g5 71. Ke2 h2 72. Ke3 h1=Q 73. Ke4 Qe1+ 74.
Kf5 Kg3 75. Kxg5 Qe6 76. Kh5 Qg8 77. Kh6 1-0

[Event "AUTO-MASTER-3254"]
[Site "http://www.queenalice.com/game.php?id=1852613"]
[Date "2025.2.22"]
[Round "1"]
[White "Kapablanca"]
[Black "princesher"]
[Result "1/2-1/2"]
[WhiteElo "1982"]
[BlackElo "2021"]

1. d4 d5 2. Bf4 h6 3. Nf3 Nd7 4. Nbd2 g5 5. Bg3 e6 6. e3 a6 7. Bd3 b5 8. O-O Bg7
9. c3 Ngf6 10. Ne5 Nxe5 11. Bxe5 Bb7 12. Nb3 Qe7 13. Nc5 c6 14. Qf3 Bc8 15. Qg3
Rg8 16. b4 Rh8 17. f4 Nh5 18. Qf3 Bxe5 19. fxe5 Ng7 20. e4 a5 21. a3 a4 22. exd5
exd5 23. Rae1 Ne6 24. Qf6 Qxf6 25. exf6 Kd8 26. Nxe6+ Bxe6 27. Bf5 Bxf5 28. Rxf5
Rf8 29. Rfe5 Kc7 30. Re7+ Kd6 31. Rb7 Rab8 32. Ra7 Ra8 33. Rae7 Rad8 34. g4 Rd7
35. Re8 Rxe8 36. Rxe8 Rc7 37. Kf2 Kd7 38. Rh8 Rc8 39. Rxh6 Rg8 40. Kf3 Rg6 41.
Rxg6 fxg6 42. h4 gxh4 43. g5 Ke6 44. Kg4 Kf7 45. Kxh4 Ke6 46. Kg4 Kd6 47. Kf4
Ke6 48. Ke3 Kf7 49. Kf3 Ke6 50. Kf4 Kd6 51. Ke3 Ke6 52. Kf4 1/2-1/2

[Event "Challenge"]
[Site "http://www.queenalice.com/game.php?id=1855180"]
[Date "2025.4.8"]
[Round "-"]
[White "jogo"]
[Black "princesher"]
[Result "0-1"]
[WhiteElo "1849"]
[BlackElo "1971"]

1. e4 e5 2. Nf3 d6 3. d4 Bg4 4. dxe5 h6 5. exd6 Qxd6 6. Qxd6 Bxd6 7. Be2 Bxf3 8.
Bxf3 c6 9. O-O Nd7 10. Rd1 Bc7 11. Be3 a6 12. Bg4 Ndf6 13. Bf3 Rd8 14. Rxd8+
Bxd8 15. c4 Bc7 16. g4 Ne7 17. g5 hxg5 0-1

[Event "Challenge"]
[Site "http://www.queenalice.com/game.php?id=1855181"]
[Date "2025.4.8"]
[Round "-"]
[White "princesher"]
[Black "jogo"]
[Result "1-0"]
[WhiteElo "1982"]
[BlackElo "1838"]

1. e4 e5 2. a3 Nf6 3. d3 h6 4. h3 d5 5. Be2 dxe4 6. dxe4 Qxd1+ 7. Bxd1 Nxe4 8.
Nd2 Nxd2 9. Bxd2 Bc5 10. b4 Bd6 11. Ne2 O-O 12. O-O Bd7 13. c4 1-0

[Event "Challenge"]
[Site "http://www.queenalice.com/game.php?id=1860037"]
[Date "2025.7.17"]
[Round "-"]
[White "jogo"]
[Black "princesher"]
[Result "0-1"]
[WhiteElo "1628"]
[BlackElo "2002"]

1. e4 e5 2. Nf3 d6 3. d4 Bg4 4. Bc4 Bxf3 5. Qxf3 Qd7 6. dxe5 dxe5 7. O-O h6 8.
b3 Nf6 9. Rd1 Qc6 10. Qd3 Qd6 11. Qf3 Qc6 12. Be3 Qxe4 13. Qxe4 Nxe4 14. Bd5 Nd6
15. Bc5 Nd7 16. Bxd6 Bxd6 17. Bxb7 Rb8 0-1

[Event "Challenge"]
[Site "http://www.queenalice.com/game.php?id=1860038"]
[Date "2025.7.17"]
[Round "-"]
[White "princesher"]
[Black "jogo"]
[Result "1-0"]
[WhiteElo "2023"]
[BlackElo "1585"]

1. e4 c5 2. c4 Nc6 3. Ne2 Nf6 4. d3 h6 5. h3 e6 6. g4 g5 7. Bd2 Bg7 8. Bc3 d6 9.
Nd2 O-O 10. a3 d5 11. exd5 exd5 12. cxd5 Nxd5 13. Bxg7 Kxg7 14. Bg2 Re8 15. O-O
Qf6 16. Bxd5 Ne5 17. Qc2 Qd6 18. Nc3 f5 19. f3 a6 20. Nc4 Nxc4 21. dxc4 Qg3+ 22.
Qg2 Qf4 23. Rae1 Qd4+ 24. Qf2 Rxe1 25. Rxe1 Qf6 26. Qxc5 fxg4 27. Re7+ 1-0